书目信息 |
| 题名: |
电路基础
|
|
| 作者: | 李研 主编 | |
| 分册: | ||
| 出版信息: | 哈尔滨 哈尔滨工程大学出版社 2007.08 |
|
| 页数: | 232页 | |
| 开本: | 26cm | |
| 丛书名: | 21世纪高职系列教材 | |
| 单 册: | ||
| 中图分类: | TM13 | |
| 科图分类: | ||
| 主题词: | 电路理论--dian lu li lun--高等学校--教材 | |
| 电子资源: | ||
| ISBN: | 978-7-81073-385-4 | |
| 000 | 00870nam 2200253 450 | |
| 001 | 012007476750 | |
| 005 | 20071228132856.04 | |
| 010 | @a978-7-81073-385-4@dCNY26.00 | |
| 100 | @a20071228d2007 km y0chiy0120 ea | |
| 101 | 0 | @achi |
| 102 | @aCN@b230000 | |
| 105 | @aa z 000yy | |
| 106 | @ar | |
| 200 | 1 | @a电路基础@Adian lu ji chu@f李研主编@Fli yan zhu bian |
| 210 | @a哈尔滨@c哈尔滨工程大学出版社@d2007.08 | |
| 215 | @a232页@c图@d26cm | |
| 225 | 2 | @a21世纪高职系列教材@A21 shi ji gao zhi xi lie jiao cai |
| 330 | @a本书以线性电路最基本的三部分内容,即电阻电路分析、电路和正弦稳态分析和动态电路分析为主体。本书可作为高职院校电类专业教材。 | |
| 410 | 0 | @12001 @a21世纪高职系列教材 |
| 606 | 0 | @a电路理论@Adian lu li lun@x高等学校@j教材 |
| 690 | @aTM13@v4 | |
| 701 | 0 | @a李研@Ali yan@4主编 |
| 801 | 0 | @aCN@bQSSK@c20071228 |
| 905 | @b273020-22@dTM13@eL325@f3 | |
| 电路基础/李研主编.-哈尔滨:哈尔滨工程大学出版社,2007.08 |
| 232页:图;26cm.-(21世纪高职系列教材) |
| ISBN 978-7-81073-385-4:CNY26.00 |
| 本书以线性电路最基本的三部分内容,即电阻电路分析、电路和正弦稳态分析和动态电路分析为主体。本书可作为高职院校电类专业教材。 |
| ● |
| 相关链接 |
|
|
|
正题名:电路基础
索取号:TM13/L325
 
预约/预借
| 序号 | 登录号 | 条形码 | 馆藏地/架位号 | 状态 | 备注 |
| 1 | 273020 | 202730205 | 自科库301/301自科库 8排1列3层/ [索取号:TM13/L325] | 在馆 | |
| 2 | 273021 | 202730214 | 自科库301/301自科库 8排1列3层/ [索取号:TM13/L325] | 在馆 | |
| 3 | 273022 | 202730223 | 自科库301/301自科库 8排1列3层/ [索取号:TM13/L325] | 在馆 |